<?xml version="1.0" encoding="UTF-8"?>
<record
    xmlns:xsi="http://www.w3.org/2001/XMLSchema-instance"
    xsi:schemaLocation="http://www.loc.gov/MARC21/slim http://www.loc.gov/standards/marcxml/schema/MARC21slim.xsd"
    xmlns="http://www.loc.gov/MARC21/slim">

  <leader>02448nam a22002897a 4500</leader>
  <controlfield tag="003">OSt</controlfield>
  <controlfield tag="005">20240702145909.0</controlfield>
  <controlfield tag="008">240617t1978    sp ||||er|||| 00| f spa d</controlfield>
  <datafield tag="020" ind1=" " ind2=" ">
    <subfield code="a">8425310806</subfield>
  </datafield>
  <datafield tag="037" ind1=" " ind2=" ">
    <subfield code="b">Donaci&#xF3;n</subfield>
  </datafield>
  <datafield tag="040" ind1=" " ind2=" ">
    <subfield code="a">CO-JMCR</subfield>
    <subfield code="b">spa</subfield>
    <subfield code="c">CO-JMCR</subfield>
    <subfield code="d">CO-JMCR</subfield>
    <subfield code="e">rda</subfield>
  </datafield>
  <datafield tag="041" ind1="1" ind2=" ">
    <subfield code="a">spa</subfield>
    <subfield code="h">eng</subfield>
  </datafield>
  <datafield tag="082" ind1="0" ind2="4">
    <subfield code="a">A-N</subfield>
    <subfield code="b">PUZt</subfield>
  </datafield>
  <datafield tag="100" ind1="1" ind2=" ">
    <subfield code="a">Puzo, Mario,</subfield>
    <subfield code="d">1920 - 1999</subfield>
    <subfield code="e">autor</subfield>
    <subfield code="9">43697</subfield>
  </datafield>
  <datafield tag="245" ind1="1" ind2="4">
    <subfield code="a">Los tontos mueren /</subfield>
    <subfield code="c">Mario Puzo; traducido por J. M. &#xC1;lvarez Fl&#xF3;rez y &#xC1;ngela P&#xE9;rez.</subfield>
  </datafield>
  <datafield tag="246" ind1=" " ind2="1">
    <subfield code="a">Fools Die / </subfield>
  </datafield>
  <datafield tag="250" ind1=" " ind2=" ">
    <subfield code="a">Tercera edici&#xF3;n / </subfield>
  </datafield>
  <datafield tag="260" ind1=" " ind2=" ">
    <subfield code="a">Barcelona : </subfield>
    <subfield code="b">Grijalbo, </subfield>
    <subfield code="c">&#xA9;1978</subfield>
  </datafield>
  <datafield tag="300" ind1=" " ind2=" ">
    <subfield code="a">598 p&#xE1;ginas ;</subfield>
    <subfield code="c">20 cm.</subfield>
  </datafield>
  <datafield tag="500" ind1=" " ind2=" ">
    <subfield code="a">Incluye biograf&#xED;a en la contracubierta.</subfield>
  </datafield>
  <datafield tag="520" ind1="3" ind2=" ">
    <subfield code="a">El padrino fue la revelaci&#xF3;n de un gran escritor; LOS TONTOS MUEREN constituir&#xE1; sin duda un acontecimiento editorial de primera magnitud. La obra est&#xE1; centrada en la figura de un joven hu&#xE9;rfano norteamericano llamado Merlyn, cuya vida tiene realmente una cualidad m&#xE1;gica (no en vano lleva el mismo nombre que el mago de la leyenda del rey Arturo). Tras una juventud a la deriva, en la que se dedica a actividades ilegales y es perseguido por la justicia, se interesa por la literatura hasta que se convierte en un novelista de &#xE9;xito extraordinario. Sus obras le brindan fama y fortuna, y le abren las puertas del mundo literario de Nueva York y de Hollywood, donde conoce a magnates, actores, agentes y hermosas mujeres; se aficiona tambi&#xE9;n al juego, que practica con asiduidad en los casinos de las vegas. Todo ello le aparta de la mujer de su juventud, de su familia y de su querido hermano, quienes poco a poco van siendo desplazados por los dem&#xE1;s protagonistas de la novela. He aqu&#xED; el destino de Merlyn: un hombre que es testigo de la traici&#xF3;n pero que a&#xFA;n cree en el honor, que ama a una mujer pero la enga&#xF1;a constantemente, y que al final presencia la muerte de los tontos: su hermano Artie, Jordan Hawley, Osano, Malomar, Cully, Janelle... LOS TONTOS MUEREN ofrece una profunda visi&#xF3;n de la psique humana: vida y muerte, ambici&#xF3;n y poder, comedia y tragedia, tales son los elementos de esta novela extraordinaria que s&#xF3;lo pod&#xED;a escribir un autor de la categor&#xED;a de Mario Puzo. </subfield>
  </datafield>
  <datafield tag="650" ind1="1" ind2="4">
    <subfield code="2">JMCR</subfield>
    <subfield code="a">Novela estadoudinse </subfield>
    <subfield code="y">Siglo XX</subfield>
    <subfield code="9">43698</subfield>
  </datafield>
  <datafield tag="650" ind1="2" ind2="4">
    <subfield code="2">JMCR</subfield>
    <subfield code="a">Muerte</subfield>
    <subfield code="x">Novela</subfield>
    <subfield code="9">43699</subfield>
  </datafield>
  <datafield tag="650" ind1="3" ind2="4">
    <subfield code="2">JMCR</subfield>
    <subfield code="a">Joven hu&#xE9;rfano</subfield>
    <subfield code="x">novelista</subfield>
    <subfield code="9">43700</subfield>
  </datafield>
  <datafield tag="700" ind1="1" ind2=" ">
    <subfield code="a">Fl&#xF3;rez, &#xC1;lvarez,</subfield>
    <subfield code="d">1939 - 2021</subfield>
    <subfield code="e">traductor</subfield>
    <subfield code="9">43701</subfield>
  </datafield>
  <datafield tag="942" ind1=" " ind2=" ">
    <subfield code="2">ddc</subfield>
    <subfield code="c">BK</subfield>
  </datafield>
  <datafield tag="999" ind1=" " ind2=" ">
    <subfield code="c">30761</subfield>
    <subfield code="d">17145</subfield>
  </datafield>
  <datafield tag="952" ind1=" " ind2=" ">
    <subfield code="0">0</subfield>
    <subfield code="1">0</subfield>
    <subfield code="2">ddc</subfield>
    <subfield code="4">0</subfield>
    <subfield code="7">0</subfield>
    <subfield code="8">FIC</subfield>
    <subfield code="a">CPL</subfield>
    <subfield code="b">CPL</subfield>
    <subfield code="c">FIC</subfield>
    <subfield code="d">2021-06-07</subfield>
    <subfield code="l">0</subfield>
    <subfield code="o">A-N PUZt</subfield>
    <subfield code="p">201811949</subfield>
    <subfield code="r">2024-06-18 09:40:52</subfield>
    <subfield code="t">Ej.1</subfield>
    <subfield code="w">2024-06-18</subfield>
    <subfield code="y">BK</subfield>
  </datafield>
</record>
